[Event "IBCA EU-ch blind"]
[Site "Ploiesti"]
[Date "2024.06.20"]
[Round "5"]
[White "Yatsishin, Ivan"]
[Black "Petrovic, Vladan"]
[Result "1-0"]
[WhiteElo "2016"]
[BlackElo "1865"]
[PlyCount "75"]
[EventDate "2024.06.16"]
[EventType "swiss"]
[EventRounds "9"]
[EventCountry "ROU"]
[SourceTitle "CBM 220 Extra"]
[Source "ChessBase"]
[SourceDate "2024.07.31"]
[SourceVersion "1"]
[SourceVersionDate "2024.07.31"]
[SourceQuality "1"]

1. e4 c6 2. d4 d5 3. e5 Bf5 4. h4 h6 5. g4 Bd7 6. h5 e6 7. Nf3 c5 8. c3 Nc6 9. Be3 Qb6 10. Qb3 Qxb3 11. axb3 cxd4 12. Bxd4 Nxd4 13. Nxd4 a6 14. b4 Rc8 15. Bd3 Ne7 16. b5 axb5 17. Nxb5 Bxb5 18. Bxb5+ Nc6 19. Ra7 Rb8 20. Rxb7 Rxb7 21. Bxc6+ Rd7 22. Nd2 Kd8 23. Bxd7 Kxd7 24. Ke2 Bc5 25. b4 Bb6 26. Ra1 Rc8 27. Ra6 Bc7 28. f4 f6 29. exf6 Bxf4 30. fxg7 Rg8 31. Ra7+ Kc6 32. Nf3 Bc7 33. b5+ Kb6 34. Ra6+ Kxb5 35. Rxe6 Rxg7 36. Rg6 Re7+ 37. Kd3 Bf4 38. Nd4+ 1-0

[Event "IBCA EU-ch blind"]
[Site "Ploiesti"]
[Date "2024.06.18"]
[Round "3"]
[White "Yatsishin, Ivan"]
[Black "Bursuc, Mihai"]
[Result "0-1"]
[WhiteElo "2016"]
[BlackElo "1891"]
[PlyCount "78"]
[EventDate "2024.06.16"]
[EventType "swiss"]
[EventRounds "9"]
[EventCountry "ROU"]
[SourceTitle "CBM 220 Extra"]
[Source "ChessBase"]
[SourceDate "2024.07.31"]
[SourceVersion "1"]
[SourceVersionDate "2024.07.31"]
[SourceQuality "1"]

1. e4 c5 2. Nf3 d6 3. d4 cxd4 4. Nxd4 Nf6 5. Nc3 g6 6. h3 Bg7 7. g4 Nc6 8. Nde2 h5 9. g5 Nd7 10. Bg2 Nc5 11. 0-0 0-0 12. Kh1 Ne6 13. Nd5 Ned4 14. c3 Nxe2 15. Qxe2 e6 16. Nf4 Ne7 17. Be3 e5 18. Nd3 Be6 19. b3 Qc8 20. Kh2 d5 21. Nc5 d4 22. Nxe6 Qxe6 23. Bd2 Rad8 24. Rac1 Nc6 25. cxd4 Nxd4 26. Qe3 Qe7 27. Rc4 Rfe8 28. Rfc1 Ne6 29. h4 Nf4 30. Bb4 Qd7 31. Bh3 Qd3 32. Qxd3 Nxd3 33. R1c2 b5 34. Ba5 bxc4 35. Bxd8 Rxd8 36. bxc4 Nc5 37. f3 Bf8 38. Kg3 Rd3 39. Bf1 Nxe4+ 0-1

[Event "Lvov Buturina Memorial 2nd"]
[Site "Lvov"]
[Date "2022.11.18"]
[Round "2"]
[White "Yatsishin, Ivan"]
[Black "Masnyak, Yuriy"]
[Result "1-0"]
[WhiteElo "2049"]
[BlackElo "1631"]
[PlyCount "91"]
[EventDate "2022.11.18"]
[EventType "swiss (rapid)"]
[EventRounds "9"]
[EventCountry "UKR"]
[SourceTitle "CBM 212 Extra"]
[Source "ChessBase"]
[SourceDate "2023.03.31"]
[SourceVersion "1"]
[SourceVersionDate "2023.03.31"]
[SourceQuality "1"]

1. e4 c5 2. Nf3 Nc6 3. d4 cxd4 4. Nxd4 e5 5. Nb5 d6 6. N1c3 a6 7. Na3 b5 8. Nd5 Be7 9. Be3 Rb8 10. c4 b4 11. Nc2 Nf6 12. Nxe7 Qxe7 13. Bd3 0-0 14. b3 a5 15. Bg5 h6 16. Bh4 Bb7 17. Ne3 Nd4 18. Ng4 h5 19. Nxf6+ gxf6 20. Qxh5 Kg7 21. Qg4+ Kh7 22. f4 Bc8 23. Qg3 Rg8 24. Qf2 Qe6 25. h3 f5 26. exf5 Qe8 27. f6+ e4 28. Bb1 Nf5 29. g4 Nh6 30. Bg5 Rxg5 31. fxg5 Qe5 32. 0-0 Nf5 33. gxf5 Kg8 34. Bc2 Bxf5 35. Qf4 Qd4+ 36. Kh2 Bg6 37. Rad1 Qc3 38. Bxe4 Re8 39. Bxg6 Re2+ 40. Rf2 Rxf2+ 41. Qxf2 Qe5+ 42. Kh1 fxg6 43. Re1 Qc3 44. f7+ Kh7 45. Kg2 d5 46. f8Q 1-0

[Event "IBCA World-chT blind 9th"]
[Site "Ohrid"]
[Date "2022.07.07"]
[Round "9.2"]
[White "Fernandez Manrique, Agustin"]
[Black "Yatsishin, Ivan"]
[Result "0-1"]
[WhiteElo "2022"]
[BlackElo "2029"]
[PlyCount "110"]
[EventDate "2022.06.28"]
[EventType "team-swiss"]
[EventRounds "9"]
[EventCountry "MKD"]
[SourceTitle "EXT 2024"]
[Source "ChessBase"]
[SourceDate "2023.10.10"]
[SourceVersion "1"]
[SourceVersionDate "2023.10.10"]
[SourceQuality "1"]
[WhiteTeam "Spain"]
[BlackTeam "Ukraine"]
[WhiteTeamCountry "ESP"]
[BlackTeamCountry "UKR"]

1. c4 e5 2. Nc3 Nf6 3. g3 Nc6 4. Nf3 Bc5 5. Bg2 d6 6. d3 a6 7. 0-0 h6 8. a3 0-0 9. b4 Ba7 10. e3 Be6 11. Qb3 Qd7 12. Nd5 Bxd5 13. cxd5 Ne7 14. Nd2 Qf5 15. e4 Qg5 16. Nc4 Qg4 17. Be3 Bxe3 18. Nxe3 Qd7 19. f4 c6 20. fxe5 dxe5 21. Qc3 cxd5 22. Qxe5 dxe4 23. dxe4 Nc6 24. Qf4 Nd4 25. Qf2 Rad8 26. Rad1 Qb5 27. Nd5 Nxd5 28. exd5 Ne2+ 29. Kh1 Nc3 30. Rc1 Nxd5 31. Qf3 b6 32. Qh5 Ne3 33. Qxb5 axb5 34. Rf2 Nxg2 35. Kxg2 Rd6 36. Rf5 Ra8 37. Rc3 Rd2+ 38. Kh3 Re8 39. Rxb5 Ree2 40. Rxb6 Rxh2+ 41. Kg4 Rdf2 42. Rf3 h5+ 43. Kf4 g5+ 44. Ke3 Ra2 45. Ke4 g4 46. Rd3 Kg7 47. Rb7 Kg6 48. Rd6+ f6 49. Rdd7 Rhe2+ 50. Kf4 Rf2+ 51. Ke4 f5+ 52. Kd5 Rfd2+ 53. Kc6 Rxd7 54. Rxd7 Rxa3 55. b5 Rxg3 0-1

[Event "IBCA World-chT blind 9th"]
[Site "Ohrid"]
[Date "2022.07.01"]
[Round "4.4"]
[White "Yatsishin, Ivan"]
[Black "Strete, Ciprian Iulian"]
[Result "1-0"]
[WhiteElo "2029"]
[BlackElo "1763"]
[PlyCount "113"]
[EventDate "2022.06.28"]
[EventType "team-swiss"]
[EventRounds "9"]
[EventCountry "MKD"]
[SourceTitle "EXT 2024"]
[Source "ChessBase"]
[SourceDate "2023.10.10"]
[SourceVersion "1"]
[SourceVersionDate "2023.10.10"]
[SourceQuality "1"]
[WhiteTeam "Ukraine"]
[BlackTeam "Romania"]
[WhiteTeamCountry "UKR"]
[BlackTeamCountry "ROU"]

1. e4 d6 2. d4 Nf6 3. Nc3 g6 4. Bg5 Bg7 5. Qd2 b6 6. 0-0-0 Bb7 7. f3 Nbd7 8. Qe3 0-0 9. e5 Nd5 10. Nxd5 Bxd5 11. exd6 cxd6 12. Bxe7 Bh6 13. Qxh6 Qxe7 14. Kb1 Rac8 15. Bd3 a5 16. Ne2 Bc4 17. Nf4 Nf6 18. Qg5 Nd5 19. Qxe7 Nxe7 20. Bxc4 Rxc4 21. Rhe1 Nf5 22. c3 a4 23. a3 Rc7 24. Nd5 Rb7 25. g4 Ng7 26. f4 h5 27. h3 b5 28. Rd3 f5 29. g5 Kf7 30. Rde3 Re8 31. Rxe8 Nxe8 32. Nb4 Rc7 33. h4 Ng7 34. d5 Rc4 35. Nd3 Re4 36. Kc2 Rxe1 37. Nxe1 Ne8 38. Nd3 Nc7 39. Nb4 Ke7 40. Kd3 Na8 41. c4 Nc7 42. cxb5 Nxb5 43. Kc4 Nc7 44. Na2 Na6 45. Nc3 Nc5 46. Kb5 Nd3 47. Nxa4 Nxf4 48. Nc3 Nd3 49. b4 f4 50. Kc6 f3 51. Nd1 f2 52. Nxf2 Nxf2 53. b5 Ne4 54. b6 Nc5 55. b7 Na6 56. Kb6 Nb8 57. Ka7 1-0

[Event "IBCA World-chT blind 9th"]
[Site "Ohrid"]
[Date "2022.06.29"]
[Round "2.3"]
[White "Yatsishin, Ivan"]
[Black "Meyer, Eric1"]
[Result "1-0"]
[WhiteElo "2029"]
[BlackElo "1625"]
[PlyCount "121"]
[EventDate "2022.06.28"]
[EventType "team-swiss"]
[EventRounds "9"]
[EventCountry "MKD"]
[SourceTitle "EXT 2024"]
[Source "ChessBase"]
[SourceDate "2023.10.10"]
[SourceVersion "1"]
[SourceVersionDate "2023.10.10"]
[SourceQuality "1"]
[WhiteTeam "Ukraine"]
[BlackTeam "France"]
[WhiteTeamCountry "UKR"]
[BlackTeamCountry "FRA"]

1. e4 c5 2. Nf3 d6 3. d4 cxd4 4. Nxd4 Nf6 5. Nc3 a6 6. Be3 e5 7. Nb3 Be7 8. f3 Be6 9. Qd2 Nbd7 10. g4 Nb6 11. g5 Nfd7 12. 0-0-0 Rc8 13. Kb1 Nc4 14. Bxc4 Bxc4 15. h4 b5 16. Nd5 Bxd5 17. Qxd5 Qc7 18. Rh2 Nb6 19. Bxb6 Qxb6 20. Rg2 Qc6 21. Nc1 Qxd5 22. Rxd5 Kd7 23. Nd3 Ke6 24. f4 exf4 25. Nxf4+ Kd7 26. c3 Rc4 27. Re2 Re8 28. Rf5 f6 29. Nd5 Ke6 30. b3 Rc5 31. Ref2 fxg5 32. hxg5 Bd8 33. Rf7 Bf6 34. Ra7 Bxc3 35. Nc7+ Rxc7 36. Rxc7 Bd4 37. Rh2 h6 38. gxh6 gxh6 39. Rxh6+ Ke5 40. Rh4 Bc5 41. Rg7 Rc8 42. Rg5+ Kf6 43. Rf5+ Ke6 44. Rh6+ Ke7 45. Rh7+ Ke6 46. a4 bxa4 47. bxa4 a5 48. Kc2 Bb4+ 49. Kd3 Rc3+ 50. Kd4 Rc5 51. Rh6+ Kd7 52. Rxc5 Bxc5+ 53. Kd5 Bb4 54. Rh7+ Kd8 55. Kc6 Ke8 56. Rb7 Kd8 57. Rd7+ Ke8 58. Rxd6 Bxd6 59. Kxd6 Kd8 60. e5 Ke8 61. Ke6 1-0

[Event "IBCA World-chT blind 9th"]
[Site "Ohrid"]
[Date "2022.06.28"]
[Round "1.3"]
[White "Cizman, Gregor"]
[Black "Yatsishin, Ivan"]
[Result "0-1"]
[WhiteElo "1522"]
[BlackElo "2029"]
[PlyCount "89"]
[EventDate "2022.06.28"]
[EventType "team-swiss"]
[EventRounds "9"]
[EventCountry "MKD"]
[SourceTitle "EXT 2024"]
[Source "ChessBase"]
[SourceDate "2023.10.10"]
[SourceVersion "1"]
[SourceVersionDate "2023.10.10"]
[SourceQuality "1"]
[WhiteTeam "Slovenia"]
[BlackTeam "Ukraine"]
[WhiteTeamCountry "SLO"]
[BlackTeamCountry "UKR"]

1. d4 Nf6 2. Nf3 d5 3. e3 c5 4. c3 e6 5. Bd3 Nc6 6. Nbd2 Bd6 7. 0-0 0-0 8. dxc5 Bxc5 9. h3 h6 10. b4 Bd6 11. Bb2 a6 12. a3 b5 13. a4 bxa4 14. Rxa4 Bb7 15. Qe2 Qb6 16. Rb1 e5 17. Bc2 e4 18. Nd4 Nxd4 19. exd4 Bc6 20. Raa1 Bf4 21. Bc1 Bb5 22. Qe1 Rac8 23. Nb3 Nh5 24. Nc5 Bxc1 25. Rxc1 Nf4 26. Kh2 Qg6 27. g3 Nd3 28. Bxd3 exd3 29. Qd2 Rfe8 30. Re1 Re2 31. Rxe2 dxe2 32. Re1 Rc6 33. Kg2 Rf6 34. h4 Qf5 35. f4 Rg6 36. Rg1 Rf6 37. Re1 g5 38. hxg5 hxg5 39. Kf2 Re6 40. Kf3 gxf4 41. Qxf4 Rf6 42. Ke3 Qg6 43. Qb8+ Kg7 44. Kd2 Rf1 45. Qe5+ 0-1

[Event "IBCA-ol blind 14th"]
[Site "Chennai"]
[Date "2012.08.13"]
[Round "4.4"]
[White "Ganrav, G."]
[Black "Yatsishin, Ivan"]
[Result "0-1"]
[WhiteElo "1807"]
[BlackElo "2137"]
[PlyCount "66"]
[EventDate "2012.08.10"]
[EventType "team-swiss"]
[EventRounds "9"]
[EventCountry "IND"]
[SourceTitle "CBM 149 Extra"]
[Source "ChessBase"]
[SourceDate "2012.08.24"]
[SourceVersion "1"]
[SourceVersionDate "2012.08.24"]
[SourceQuality "1"]
[WhiteTeam "India II"]
[BlackTeam "Ukraine"]
[WhiteTeamCountry "IND"]
[BlackTeamCountry "UKR"]

1. e4 Nf6 2. Nc3 d5 3. exd5 Nxd5 4. Bc4 e6 5. Qf3 Nb4 6. Bb3 N8c6 7. Nge2 Na5 8. Ne4 Nxb3 9. Qxb3 Qd5 10. 0-0 Qxe4 11. Ng3 Qxc2 12. Qf3 Qd3 13. Qf4 Nc2 14. Rb1 Nd4 15. Ra1 Bd6 16. Qg4 g6 17. b3 Bxg3 18. hxg3 e5 19. Qg5 Qf5 20. Qe3 Be6 21. Ba3 Nc2 22. Qc5 Nxa3 23. Qxa3 Qd3 24. Rfe1 Qd4 25. Rac1 c6 26. d3 f6 27. Rcd1 Bf5 28. Kh2 h5 29. Kg1 0-0-0 30. b4 Kb8 31. Qb3 h4 32. g4 Qxg4 33. b5 h3 0-1

[Event "IBCA-ol blind 14th"]
[Site "Chennai"]
[Date "2012.08.12"]
[Round "3.4"]
[White "Yatsishin, Ivan"]
[Black "Pohlers, Juergen"]
[Result "0-1"]
[WhiteElo "2137"]
[BlackElo "1991"]
[PlyCount "56"]
[EventDate "2012.08.10"]
[EventType "team-swiss"]
[EventRounds "9"]
[EventCountry "IND"]
[SourceTitle "CBM 149 Extra"]
[Source "ChessBase"]
[SourceDate "2012.08.24"]
[SourceVersion "1"]
[SourceVersionDate "2012.08.24"]
[SourceQuality "1"]
[WhiteTeam "Ukraine"]
[BlackTeam "Germany"]
[WhiteTeamCountry "UKR"]
[BlackTeamCountry "GER"]

1. e4 c5 2. Nf3 Nc6 3. d4 cxd4 4. Nxd4 g6 5. h4 Bg7 6. Nb3 Nf6 7. Nc3 d6 8. Be2 h5 9. Bg5 Be6 10. Qd2 a6 11. 0-0-0 Bxb3 12. axb3 Qa5 13. Kb1 Nb4 14. Qe3 Rc8 15. Bd3 Ng4 16. Qe1 Rxc3 17. bxc3 Nxf2 18. Kc1 Na2+ 19. Kd2 Bxc3+ 20. Ke2 Bxe1 21. Rdxe1 Nxh1 22. Rxh1 Nc3+ 23. Kf3 Nb5 24. Rf1 Nd4+ 25. Kg3 Ne6 26. Be3 Qe5+ 27. Kh3 g5 28. Rf5 g4# 0-1

[Event "IBCA-ol blind 14th"]
[Site "Chennai"]
[Date "2012.08.11"]
[Round "2.4"]
[White "Makwana, Ashvin K"]
[Black "Yatsishin, Ivan"]
[Result "0-1"]
[WhiteElo "1919"]
[BlackElo "2137"]
[PlyCount "99"]
[EventDate "2012.08.10"]
[EventType "team-swiss"]
[EventRounds "9"]
[EventCountry "IND"]
[SourceTitle "CBM 149 Extra"]
[Source "ChessBase"]
[SourceDate "2012.08.24"]
[SourceVersion "1"]
[SourceVersionDate "2012.08.24"]
[SourceQuality "1"]
[WhiteTeam "India"]
[BlackTeam "Ukraine"]
[WhiteTeamCountry "IND"]
[BlackTeamCountry "UKR"]

1. e4 Nf6 2. e5 Nd5 3. Nc3 e6 4. Nf3 d6 5. d4 Be7 6. Bd3 Nxc3 7. bxc3 c5 8. 0-0 Nc6 9. Re1 d5 10. a4 h6 11. Ba3 Qa5 12. Bb2 Bd7 13. c4 dxc4 14. Bxc4 Qb4 15. Qd3 cxd4 16. Bxd4 Nxd4 17. Nxd4 Rc8 18. Bb3 a6 19. Rad1 0-0 20. Qh3 Rc3 21. Qh5 Bxa4 22. Re4 Bxb3 23. cxb3 Rxb3 24. h4 Rb1 25. Ree1 Rxd1 26. Rxd1 Rd8 27. Nc2 Qxh4 28. Rxd8+ Bxd8 29. Qf3 Bb6 30. g3 Qc4 31. Qxb7 Bxf2+ 32. Kxf2 Qxc2+ 33. Kf3 Qd3+ 34. Kf2 Qd4+ 35. Kf1 Qxe5 36. Qxa6 Qxg3 37. Qc8+ Kh7 38. Qe8 Qf4+ 39. Kg2 h5 40. Qe7 h4 41. Qa3 Qg3+ 42. Qxg3 hxg3 43. Kxg3 e5 44. Kg4 e4 45. Kf4 f5 46. Ke3 g5 47. Ke2 f4 48. Kf2 g4 49. Kf1 g3 50. Kg2 0-1

[Event "Vilnius Braille op"]
[Site "Vilnius"]
[Date "2012.07.07"]
[Round "7"]
[White "Draghici Flutur, Gavril"]
[Black "Yatsishin, Ivan"]
[Result "1/2-1/2"]
[WhiteElo "2080"]
[BlackElo "2152"]
[PlyCount "110"]
[EventDate "2012.07.02"]
[EventType "swiss"]
[EventRounds "9"]
[EventCountry "LTU"]
[SourceTitle "EXT 2014"]
[Source "ChessBase"]
[SourceDate "2013.11.20"]
[SourceVersion "1"]
[SourceVersionDate "2013.11.20"]
[SourceQuality "1"]

1. e4 Nf6 2. e5 Nd5 3. c4 Nb6 4. d4 d6 5. exd6 exd6 6. Nc3 Be7 7. Bd3 Nc6 8. Nge2 Bg4 9. f3 Bh4+ 10. g3 Bxf3 11. 0-0 Bxe2 12. Qxe2+ Be7 13. Nd5 Nxd5 14. cxd5 Nb4 15. Qh5 g6 16. Qf3 f6 17. Bb5+ Kf7 18. Bh6 a6 19. Ba4 b5 20. Bb3 a5 21. Qe2 Qd7 22. a4 Rhe8 23. axb5 Kg8 24. Qe6+ Qxe6 25. dxe6 Reb8 26. Rfc1 Ra7 27. Bc4 d5 28. Bf1 Rb6 29. Bf4 Bd6 30. Bd2 Kf8 31. Ra4 Ke7 32. Rca1 Nc2 33. Rxa5 Rxa5 34. Rxa5 Nxd4 35. Be3 Bc5 36. Ra7 Nf3+ 37. Kf2 Bxe3+ 38. Kxe3 Nxh2 39. Rxc7+ Kxe6 40. Be2 h5 41. Ra7 Kd6 42. Ra6 Kc7 43. Kd4 Ng4 44. Kc5 Ne5 45. Rxb6 Nd7+ 46. Kxd5 Kxb6 47. Ke6 Nc5+ 48. Kd5 Na4 49. Ke6 Nc5+ 50. Kd5 f5 51. Ke5 Ne4 52. Kf4 g5+ 53. Kxf5 Nxg3+ 54. Kxg5 Nxe2 55. Kxh5 Nd4 1/2-1/2

[Event "Lvov Euro op 1st"]
[Site "Lvov"]
[Date "2012.05.31"]
[Round "6"]
[White "Yatsishin, Ivan"]
[Black "Nester, Ihor"]
[Result "0-1"]
[WhiteElo "2152"]
[BlackElo "2315"]
[PlyCount "88"]
[EventDate "2012.05.28"]
[EventType "swiss"]
[EventRounds "9"]
[EventCountry "UKR"]
[SourceTitle "CBM 148 Extra"]
[Source "ChessBase"]
[SourceDate "2012.06.22"]
[SourceVersion "1"]
[SourceVersionDate "2012.06.22"]
[SourceQuality "1"]

1. e4 e5 2. Nf3 Nc6 3. Bb5 a6 4. Ba4 Nf6 5. 0-0 Be7 6. Re1 b5 7. Bb3 d6 8. c3 0-0 9. h3 Nb8 10. d4 Nbd7 11. Nbd2 Bb7 12. Bc2 Re8 13. Nf1 Bf8 14. Ng3 g6 15. Bg5 h6 16. Bd2 Bg7 17. a4 Nb6 18. axb5 axb5 19. Bd3 c6 20. Be3 Nfd7 21. Nh2 Nc4 22. Bxc4 bxc4 23. Rxa8 Bxa8 24. Ng4 Kh7 25. Qa4 h5 26. Nh2 d5 27. Nf3 exd4 28. cxd4 Kg8 29. e5 Qb6 30. Re2 Nf8 31. Ng5 Bb7 32. Rd2 Ra8 33. Qc2 Bc8 34. Kh2 Ra1 35. h4 Ne6 36. Nxe6 Bxe6 37. Bg5 c5 38. dxc5 Qxc5 39. Bf6 Bxf6 40. exf6 Qc7 41. Rd4 Qe5 42. Qc3 Qxf6 43. Nxh5 Qxf2 44. Rxc4 gxh5 0-1

[Event "IBCA EU-ch blind 05th"]
[Site "Rhodes"]
[Date "2011.09.07"]
[Round "2"]
[White "Krylov, Sergey"]
[Black "Yatsishin, Ivan"]
[Result "0-1"]
[WhiteElo "2352"]
[BlackElo "2136"]
[PlyCount "50"]
[EventDate "2011.09.06"]
[EventType "swiss"]
[EventRounds "9"]
[EventCountry "GRE"]
[SourceTitle "CBM 144 Extra"]
[Source "ChessBase"]
[SourceDate "2011.10.28"]
[SourceVersion "1"]
[SourceVersionDate "2011.10.28"]
[SourceQuality "1"]

1. e4 Nf6 2. e5 Nd5 3. d4 d6 4. Nf3 dxe5 5. Nxe5 c6 6. Bc4 Nd7 7. 0-0 Nxe5 8. dxe5 Be6 9. Qe2 g6 10. Rd1 Qb6 11. Bb3 a5 12. c4 Qa6 13. a4 Bg7 14. Bg5 h6 15. Bh4 Nf4 16. Qe4 Qb6 17. Nd2 Qd4 18. Qf3 Nh3+ 19. gxh3 Qxh4 20. c5 Qxh3 21. Qxh3 Bxh3 22. Nc4 g5 23. Rd3 Bf5 24. Rf3 Bg6 25. e6 fxe6 0-1

[Event "Lvov-ch"]
[Site "Lvov"]
[Date "2010.01.27"]
[Round "10"]
[White "Terletsky, Oleg"]
[Black "Yatsishin, Ivan"]
[Result "1/2-1/2"]
[WhiteElo "2283"]
[BlackElo "2205"]
[PlyCount "95"]
[EventDate "2010.01.20"]
[EventType "tourn"]
[EventRounds "13"]
[EventCountry "UKR"]
[EventCategory "1"]
[SourceTitle "CBM 134 Extra"]
[Source "ChessBase"]
[SourceDate "2010.03.03"]
[SourceVersion "1"]
[SourceVersionDate "2010.03.03"]
[SourceQuality "1"]

1. e4 Nf6 2. Nc3 d5 3. e5 Nfd7 4. d4 e6 5. f4 c5 6. Nf3 Nc6 7. Be3 cxd4 8. Nxd4 Nxd4 9. Bxd4 Bc5 10. Bb5 Qb6 11. Bxc5 Qxc5 12. Qd2 a6 13. Bxd7+ Bxd7 14. Ne2 0-0 15. Nd4 Bb5 16. a4 Bd7 17. 0-0 Rac8 18. Rf3 b5 19. axb5 axb5 20. g4 Ra8 21. Re1 Ra4 22. c3 b4 23. f5 bxc3 24. bxc3 exf5 25. gxf5 Rfa8 26. e6 fxe6 27. fxe6 Be8 28. e7 Bh5 29. Qf4 h6 30. Rfe3 Re8 31. Qe5 Bg6 32. Rg3 Ra6 33. h4 Qd6 34. h5 Rxe7 35. Qxd6 Rxe1+ 36. Kf2 Rxd6 37. Kxe1 Bxh5 38. Rxg7+ Kxg7 39. Nf5+ Kf6 40. Nxd6 Ke5 41. Nb5 Bg4 42. Kf2 h5 43. Kg3 Bd7 44. Nd4 Ke4 45. Nc2 Be6 46. Nb4 Ke3 47. Kh4 Bf7 48. Nxd5+ 1/2-1/2

[Event "Lvov-ch"]
[Site "Lvov"]
[Date "2010.01.26"]
[Round "9"]
[White "Yatsishin, Ivan"]
[Black "Buturin, Vladimir"]
[Result "0-1"]
[WhiteElo "2205"]
[BlackElo "2298"]
[PlyCount "88"]
[EventDate "2010.01.20"]
[EventType "tourn"]
[EventRounds "13"]
[EventCountry "UKR"]
[EventCategory "1"]
[SourceTitle "CBM 134 Extra"]
[Source "ChessBase"]
[SourceDate "2010.03.03"]
[SourceVersion "1"]
[SourceVersionDate "2010.03.03"]
[SourceQuality "1"]

1. e4 g6 2. Nf3 Bg7 3. Bc4 c6 4. 0-0 d5 5. exd5 cxd5 6. Bb5+ Bd7 7. Bxd7+ Nxd7 8. Re1 e6 9. d4 Ne7 10. Nbd2 Nc6 11. Nf1 0-0 12. c3 b5 13. a3 a5 14. h4 h5 15. Ng5 e5 16. Be3 a4 17. g4 Nf6 18. gxh5 Nxh5 19. Qd3 Qd7 20. Nh2 e4 21. Qf1 Na5 22. Rad1 Nc4 23. Bc1 Nd6 24. Qg2 Rfe8 25. Nf1 Nf5 26. Qg4 Bh6 27. Ng3 Nf6 28. Qf4 Nxg3 29. Qxg3 Nh5 30. Qg2 Bg7 31. Nh3 Qf5 32. Bg5 Bf8 33. Re2 f6 34. Bd2 Kf7 35. Rf1 Bd6 36. f3 Ng3 37. Ree1 e3 38. Bxe3 Nxf1 39. Kxf1 Ra7 40. Bf2 Qd3+ 41. Kg1 Rxe1+ 42. Bxe1 Re7 43. Bf2 Re2 44. Qg4 Qf5 0-1

[Event "Lvov-ch"]
[Site "Lvov"]
[Date "2010.01.25"]
[Round "8"]
[White "Bondarets, Vadim"]
[Black "Yatsishin, Ivan"]
[Result "1/2-1/2"]
[WhiteElo "2361"]
[BlackElo "2205"]
[PlyCount "103"]
[EventDate "2010.01.20"]
[EventType "tourn"]
[EventRounds "13"]
[EventCountry "UKR"]
[EventCategory "1"]
[SourceTitle "CBM 134 Extra"]
[Source "ChessBase"]
[SourceDate "2010.03.03"]
[SourceVersion "1"]
[SourceVersionDate "2010.03.03"]
[SourceQuality "1"]

1. c4 c5 2. Nf3 Nf6 3. Nc3 d5 4. cxd5 Nxd5 5. d4 Nxc3 6. bxc3 e6 7. e4 cxd4 8. cxd4 Nc6 9. Bc4 Bb4+ 10. Bd2 Qa5 11. d5 Bxd2+ 12. Nxd2 Ne5 13. 0-0 Nxc4 14. Nxc4 Qa6 15. Qd4 0-0 16. d6 Bd7 17. Rfc1 Qa4 18. Qb2 f6 19. e5 Bc6 20. exf6 gxf6 21. Rc3 Rf7 22. Rg3+ Kh8 23. Ne5 Rff8 24. Qd2 Qh4 25. Ng6+ hxg6 26. Rh3 Qxh3 27. gxh3 Kg7 28. Re1 Bd5 29. Rc1 Bc6 30. Qe3 Rfe8 31. Rc4 Rh8 32. Rxc6 bxc6 33. Qxe6 Rhf8 34. d7 c5 35. Qe7+ Kg8 36. Qxc5 Kf7 37. Qc7 Rfd8 38. a4 Ke7 39. Qb7 a5 40. Kg2 Rab8 41. Qc7 Ra8 42. Qc6 Rab8 43. Qc5+ Kxd7 44. Qxa5 Ra8 45. Qc5 Ke6 46. a5 Kf7 47. Qc7+ Kg8 48. a6 Rf8 49. Qb7 Rfb8 50. Qd5+ Kg7 51. Qd6 Rf8 52. Qe6 1/2-1/2

[Event "Lvov-ch"]
[Site "Lvov"]
[Date "2010.01.24"]
[Round "6"]
[White "Gavrish, Leonid"]
[Black "Yatsishin, Ivan"]
[Result "0-1"]
[WhiteElo "2255"]
[BlackElo "2205"]
[PlyCount "148"]
[EventDate "2010.01.20"]
[EventType "tourn"]
[EventRounds "13"]
[EventCountry "UKR"]
[EventCategory "1"]
[SourceTitle "CBM 134 Extra"]
[Source "ChessBase"]
[SourceDate "2010.03.03"]
[SourceVersion "1"]
[SourceVersionDate "2010.03.03"]
[SourceQuality "1"]

1. d4 d5 2. c4 c6 3. Nc3 Nf6 4. Nf3 e6 5. Bg5 h6 6. Bxf6 Qxf6 7. e3 Nd7 8. Qd2 g6 9. e4 dxe4 10. Nxe4 Qe7 11. c5 Qd8 12. Qf4 Be7 13. Nd6+ Bxd6 14. Qxd6 Qe7 15. Qxe7+ Kxe7 16. Ne5 Rd8 17. 0-0-0 Nxe5 18. dxe5 Rd5 19. Rxd5 exd5 20. Bd3 b6 21. cxb6 axb6 22. a3 Ke6 23. f4 Ra4 24. g3 c5 25. h4 h5 26. Bf1 Ba6 27. Bh3+ Ke7 28. Rd1 d4 29. Kc2 Be2 30. Ra1 c4 31. Bg2 Ra5 32. Be4 Ke6 33. Kd2 Bg4 34. Rc1 Rc5 35. a4 Ke7 36. Ra1 Bd7 37. Bc2 Ra5 38. b4 cxb3 39. Bxb3 b5 40. Kd3 bxa4 41. Ra3 Rb5 42. Bc4 Rb4 43. Bd5 Bf5+ 44. Kd2 Be6 45. Bc6 Bb3 46. Kd3 Ke6 47. Be8 Ke7 48. Bc6 Kd8 49. Be4 Be6 50. Kd2 Rb2+ 51. Kc1 Rb3 52. Rxa4 Rxg3 53. Rxd4+ Ke7 54. Kd2 Rg4 55. Ke3 Rxh4 56. Ra4 Rh3+ 57. Kf2 Rc3 58. Ra8 Rc4 59. Ke3 Kd7 60. Ra7+ Rc7 61. Ra8 Rc3+ 62. Kf2 Kc7 63. Ra6 Kd7 64. Ra8 Ke7 65. Rb8 Ra3 66. Kg2 Re3 67. Bf3 Rb3 68. Ra8 Rb4 69. Kg3 h4+ 70. Kxh4 Rxf4+ 71. Kg5 Rxf3 72. Kh6 Rf5 73. Ra7+ Kd8 74. Ra5 Kc7 0-1

[Event "Lvov-ch"]
[Site "Lvov"]
[Date "2010.01.22"]
[Round "3"]
[White "Yatsishin, Ivan"]
[Black "Vetoshko, Volodymyr"]
[Result "1-0"]
[WhiteElo "2205"]
[BlackElo "2246"]
[PlyCount "115"]
[EventDate "2010.01.20"]
[EventType "tourn"]
[EventRounds "13"]
[EventCountry "UKR"]
[EventCategory "1"]
[SourceTitle "CBM 134 Extra"]
[Source "ChessBase"]
[SourceDate "2010.03.03"]
[SourceVersion "1"]
[SourceVersionDate "2010.03.03"]
[SourceQuality "1"]

1. e4 c5 2. Nf3 Nc6 3. d4 cxd4 4. Nxd4 e5 5. Nb5 a6 6. Nd6+ Bxd6 7. Qxd6 Qf6 8. Qd2 Qg6 9. Nc3 d5 10. Qxd5 Be6 11. Qd2 Rd8 12. Qg5 Nb4 13. Bd3 Rxd3 14. cxd3 Nc2+ 15. Kd1 Nxa1 16. Qxg6 hxg6 17. Be3 Nf6 18. Kd2 Nb3+ 19. axb3 Bxb3 20. h3 0-0 21. Ra1 Rd8 22. Ra5 b5 23. Bb6 Rd7 24. Rxa6 Bc4 25. Ra8+ Kh7 26. Rd8 b4 27. Ne2 Bxd3 28. Rxd7 Nxd7 29. Kxd3 Nxb6 30. Nc1 Na4 31. Kc2 Nc5 32. f3 Kh6 33. Nd3 Nd7 34. Nxb4 Kg5 35. g3 f5 36. Nd3 fxe4 37. fxe4 Nf6 38. Nc5 Nh5 39. b4 Nxg3 40. Kd3 Kf6 41. b5 Ke7 42. b6 Kd6 43. b7 Kc7 44. Nd7 Kxb7 45. Nxe5 g5 46. Nf3 Kc6 47. Nxg5 Kd6 48. Ke3 Nh5 49. Kd4 Ng3 50. e5+ Ke7 51. Kd5 Nh5 52. Ke4 g6 53. Nf3 Ng7 54. Nd4 Nh5 55. Kf3 Kf7 56. Kg4 Ke7 57. Kg5 Kf7 58. Ne2 1-0